000
00315nam a22001217a 4500
999
_c
5450
_d
5450
003
DO-SdBJH
005
20190624152950.0
008
190624b ||||| |||| 00| 0 spa d
040
_a
DO-SdBJH
_b
spa
_c
DO-SdBJH
245
_a
Academia Dominicana de la Lengua
260
_a
Santo Domingo :1993,IMPPEESA
942
_2
ddc
_c
BK